<?xml version="1.0" encoding="UTF-8"?>
<record
    xmlns:xsi="http://www.w3.org/2001/XMLSchema-instance"
    xsi:schemaLocation="http://www.loc.gov/MARC21/slim http://www.loc.gov/standards/marcxml/schema/MARC21slim.xsd"
    xmlns="http://www.loc.gov/MARC21/slim">

  <leader>01090nam a2200229Ia 4500</leader>
  <controlfield tag="003">Ost</controlfield>
  <controlfield tag="005">20260507075624.0</controlfield>
  <controlfield tag="008">260507s9999||||xx |||||||||||||| ||und||</controlfield>
  <datafield tag="020" ind1=" " ind2=" ">
    <subfield code="a">9789947782576</subfield>
  </datafield>
  <datafield tag="040" ind1=" " ind2=" ">
    <subfield code="c">fsecg</subfield>
  </datafield>
  <datafield tag="041" ind1=" " ind2=" ">
    <subfield code="a">ara</subfield>
  </datafield>
  <datafield tag="082" ind1=" " ind2=" ">
    <subfield code="a">155.61</subfield>
  </datafield>
  <datafield tag="100" ind1=" " ind2=" ">
    <subfield code="a">&#x639;&#x64A;&#x634;&#x648;&#x634;&#x60C; &#x62E;&#x64A;&#x631;&#x629;</subfield>
    <subfield code="e">&#x645;&#x624;&#x644;&#x641;</subfield>
  </datafield>
  <datafield tag="245" ind1=" " ind2="0">
    <subfield code="a">&#x627;&#x644;&#x625;&#x628;&#x62F;&#x627;&#x639; &#x627;&#x644;&#x62A;&#x646;&#x638;&#x64A;&#x645;&#x64A; :</subfield>
    <subfield code="b">&#x645;&#x62F;&#x62E;&#x644; &#x62D;&#x62F;&#x64A;&#x62B; &#x644;&#x644;&#x62A;&#x628;&#x646;&#x64A; &#x648;&#x627;&#x644;&#x625;&#x633;&#x62A;&#x62F;&#x627;&#x645;&#x629; /</subfield>
    <subfield code="c"> &#x62E;&#x64A;&#x631;&#x629; &#x639;&#x64A;&#x634;&#x648;&#x634;</subfield>
  </datafield>
  <datafield tag="260" ind1=" " ind2=" ">
    <subfield code="a">&#x627;&#x644;&#x62C;&#x632;&#x627;&#x626;&#x631;: </subfield>
    <subfield code="b">&#x627;&#x644;&#x646;&#x634;&#x631; &#x627;&#x644;&#x62C;&#x627;&#x645;&#x639;&#x64A; &#x627;&#x644;&#x62C;&#x62F;&#x64A;&#x62F;, </subfield>
    <subfield code="c">2021</subfield>
  </datafield>
  <datafield tag="300" ind1=" " ind2=" ">
    <subfield code="a">133  &#x635;&#x641;&#x62D;&#x629;&#x61B; </subfield>
    <subfield code="b">&#x625;&#x64A;&#x636;&#x627;&#x62D;&#x627;&#x62A; &#x61B;</subfield>
    <subfield code="c">24 &#x633;&#x645;</subfield>
  </datafield>
  <datafield tag="504" ind1=" " ind2=" ">
    <subfield code="a">&#x645;&#x631;&#x627;&#x62C;&#x639; &#x635;.135</subfield>
  </datafield>
  <datafield tag="520" ind1=" " ind2=" ">
    <subfield code="a"> &#x627;&#x644;&#x627;&#x628;&#x62F;&#x627;&#x639; &#x645;&#x641;&#x647;&#x648;&#x645;&#x647; &#x648;&#x62E;&#x635;&#x627;&#x626;&#x635;&#x647; &#x648;&#x623;&#x646;&#x648;&#x627;&#x639;&#x647;&#x60C;&#x628;&#x627;&#x644;&#x627;&#x636;&#x627;&#x641;&#x629; &#x627;&#x644;&#x649; &#x627;&#x644;&#x645;&#x641;&#x627;&#x647;&#x64A;&#x645; &#x648;&#x623;&#x633;&#x627;&#x633;&#x64A;&#x627;&#x62A; &#x627;&#x644;&#x627;&#x628;&#x62F;&#x627;&#x639; &#x627;&#x644;&#x62A;&#x646;&#x638;&#x64A;&#x645;&#x64A;&#x60C; &#x643;&#x627;&#x644;&#x627;&#x628;&#x62F;&#x627;&#x639; &#x627;&#x644;&#x62A;&#x646;&#x638;&#x64A;&#x645;&#x64A; &#x645;&#x641;&#x647;&#x648;&#x645; &#x645;&#x62A;&#x639;&#x62F;&#x62F; &#x627;&#x644;&#x623;&#x634;&#x643;&#x627;&#x644; &#x648;&#x627;&#x644;&#x627;&#x628;&#x62F;&#x627;&#x639; &#x627;&#x644;&#x627;&#x633;&#x62A;&#x631;&#x627;&#x62A;&#x64A;&#x62C;&#x64A; &#x648;&#x627;&#x644;&#x627;&#x628;&#x62F;&#x627;&#x639; &#x627;&#x644;&#x62A;&#x646;&#x638;&#x64A;&#x645;&#x64A; &#x627;&#x644;&#x647;&#x64A;&#x643;&#x644;&#x64A;. &#x627;&#x644;&#x627;&#x637;&#x627;&#x631; &#x627;&#x644;&#x645;&#x641;&#x627;&#x647;&#x64A;&#x645;&#x64A; &#x644;&#x644;&#x62A;&#x628;&#x646;&#x64A; &#x648;&#x627;&#x644;&#x627;&#x633;&#x62A;&#x62F;&#x627;&#x645;&#x629;.</subfield>
  </datafield>
  <datafield tag="653" ind1=" " ind2=" ">
    <subfield code="a">&#x627;&#x644;&#x627;&#x628;&#x62F;&#x627;&#x639;</subfield>
  </datafield>
  <datafield tag="653" ind1=" " ind2=" ">
    <subfield code="a">&#x627;&#x644;&#x62A;&#x643;&#x646;&#x648;&#x644;&#x648;&#x62C;&#x64A;&#x627;</subfield>
  </datafield>
  <datafield tag="942" ind1=" " ind2=" ">
    <subfield code="c">&#x643;&#x62A;&#x627;&#x628;</subfield>
  </datafield>
  <datafield tag="952" ind1=" " ind2=" ">
    <subfield code="0">0</subfield>
    <subfield code="1">0</subfield>
    <subfield code="2">ddc</subfield>
    <subfield code="4">0</subfield>
    <subfield code="7">-1</subfield>
    <subfield code="a">fsecg</subfield>
    <subfield code="b">fsecg</subfield>
    <subfield code="d">2026-05-07</subfield>
    <subfield code="h">&#x627;&#x644;&#x637;&#x627;&#x628;&#x642; &#x627;&#x644;&#x623;&#x631;&#x636;&#x64A;</subfield>
    <subfield code="i">32883</subfield>
    <subfield code="l">0</subfield>
    <subfield code="o">&#x623;/4730&#x646;1</subfield>
    <subfield code="p">32883</subfield>
    <subfield code="r">2026-05-07 07:56:24</subfield>
    <subfield code="w">2026-05-07</subfield>
    <subfield code="y">&#x643;&#x62A;&#x627;&#x628;</subfield>
  </datafield>
  <datafield tag="952" ind1=" " ind2=" ">
    <subfield code="0">0</subfield>
    <subfield code="1">0</subfield>
    <subfield code="4">0</subfield>
    <subfield code="7">0</subfield>
    <subfield code="a">fsecg</subfield>
    <subfield code="b">fsecg</subfield>
    <subfield code="d">2026-05-07</subfield>
    <subfield code="h">&#x645;&#x643;&#x62A;&#x628;&#x629; &#x628;&#x646; &#x639;&#x643;&#x646;&#x648;&#x646;</subfield>
    <subfield code="i">32892</subfield>
    <subfield code="l">0</subfield>
    <subfield code="o">&#x623;/4730&#x646;10</subfield>
    <subfield code="p">32892</subfield>
    <subfield code="r">2026-05-07 07:56:24</subfield>
    <subfield code="w">2026-05-07</subfield>
    <subfield code="y">&#x643;&#x62A;&#x627;&#x628;</subfield>
  </datafield>
  <datafield tag="952" ind1=" " ind2=" ">
    <subfield code="0">0</subfield>
    <subfield code="1">0</subfield>
    <subfield code="2">ddc</subfield>
    <subfield code="4">0</subfield>
    <subfield code="7">0</subfield>
    <subfield code="a">fsecg</subfield>
    <subfield code="b">fsecg</subfield>
    <subfield code="d">2026-05-07</subfield>
    <subfield code="h">&#x627;&#x644;&#x637;&#x627;&#x628;&#x642; &#x627;&#x644;&#x623;&#x631;&#x636;&#x64A;</subfield>
    <subfield code="i">32884</subfield>
    <subfield code="l">0</subfield>
    <subfield code="o">&#x623;/4730&#x646;2</subfield>
    <subfield code="p">32884</subfield>
    <subfield code="r">2026-05-07 07:56:24</subfield>
    <subfield code="w">2026-05-07</subfield>
    <subfield code="y">&#x643;&#x62A;&#x627;&#x628;</subfield>
  </datafield>
  <datafield tag="952" ind1=" " ind2=" ">
    <subfield code="0">0</subfield>
    <subfield code="1">0</subfield>
    <subfield code="2">ddc</subfield>
    <subfield code="4">0</subfield>
    <subfield code="7">0</subfield>
    <subfield code="a">fsecg</subfield>
    <subfield code="b">fsecg</subfield>
    <subfield code="d">2026-05-07</subfield>
    <subfield code="h">&#x627;&#x644;&#x637;&#x627;&#x628;&#x642; &#x627;&#x644;&#x623;&#x631;&#x636;&#x64A;</subfield>
    <subfield code="i">32885</subfield>
    <subfield code="l">0</subfield>
    <subfield code="o">&#x623;/4730&#x646;3</subfield>
    <subfield code="p">32885</subfield>
    <subfield code="r">2026-05-07 07:56:24</subfield>
    <subfield code="w">2026-05-07</subfield>
    <subfield code="y">&#x643;&#x62A;&#x627;&#x628;</subfield>
  </datafield>
  <datafield tag="952" ind1=" " ind2=" ">
    <subfield code="0">0</subfield>
    <subfield code="1">0</subfield>
    <subfield code="2">ddc</subfield>
    <subfield code="4">0</subfield>
    <subfield code="7">0</subfield>
    <subfield code="a">fsecg</subfield>
    <subfield code="b">fsecg</subfield>
    <subfield code="d">2026-05-07</subfield>
    <subfield code="h">&#x627;&#x644;&#x637;&#x627;&#x628;&#x642; &#x627;&#x644;&#x62B;&#x627;&#x646;&#x64A;</subfield>
    <subfield code="i">32886</subfield>
    <subfield code="l">0</subfield>
    <subfield code="o">&#x623;/4730&#x646;4</subfield>
    <subfield code="p">32886</subfield>
    <subfield code="r">2026-05-07 07:56:24</subfield>
    <subfield code="w">2026-05-07</subfield>
    <subfield code="y">&#x643;&#x62A;&#x627;&#x628;</subfield>
  </datafield>
  <datafield tag="952" ind1=" " ind2=" ">
    <subfield code="0">0</subfield>
    <subfield code="1">0</subfield>
    <subfield code="2">ddc</subfield>
    <subfield code="4">0</subfield>
    <subfield code="7">0</subfield>
    <subfield code="a">fsecg</subfield>
    <subfield code="b">fsecg</subfield>
    <subfield code="d">2026-05-07</subfield>
    <subfield code="h">&#x627;&#x644;&#x637;&#x627;&#x628;&#x642; &#x627;&#x644;&#x62B;&#x627;&#x646;&#x64A;</subfield>
    <subfield code="i">32887</subfield>
    <subfield code="l">0</subfield>
    <subfield code="o">&#x623;/4730&#x646;5</subfield>
    <subfield code="p">32887</subfield>
    <subfield code="r">2026-05-07 07:56:24</subfield>
    <subfield code="w">2026-05-07</subfield>
    <subfield code="y">&#x643;&#x62A;&#x627;&#x628;</subfield>
  </datafield>
  <datafield tag="952" ind1=" " ind2=" ">
    <subfield code="0">0</subfield>
    <subfield code="1">0</subfield>
    <subfield code="2">ddc</subfield>
    <subfield code="4">0</subfield>
    <subfield code="7">0</subfield>
    <subfield code="a">fsecg</subfield>
    <subfield code="b">fsecg</subfield>
    <subfield code="d">2026-05-07</subfield>
    <subfield code="h">&#x645;&#x643;&#x62A;&#x628;&#x629; &#x628;&#x646; &#x639;&#x643;&#x646;&#x648;&#x646;</subfield>
    <subfield code="i">32888</subfield>
    <subfield code="l">0</subfield>
    <subfield code="o">&#x623;/4730&#x646;6</subfield>
    <subfield code="p">32888</subfield>
    <subfield code="r">2026-05-07 07:56:24</subfield>
    <subfield code="w">2026-05-07</subfield>
    <subfield code="y">&#x643;&#x62A;&#x627;&#x628;</subfield>
  </datafield>
  <datafield tag="952" ind1=" " ind2=" ">
    <subfield code="0">0</subfield>
    <subfield code="1">0</subfield>
    <subfield code="2">ddc</subfield>
    <subfield code="4">0</subfield>
    <subfield code="7">0</subfield>
    <subfield code="a">fsecg</subfield>
    <subfield code="b">fsecg</subfield>
    <subfield code="d">2026-05-07</subfield>
    <subfield code="h">&#x645;&#x643;&#x62A;&#x628;&#x629; &#x628;&#x646; &#x639;&#x643;&#x646;&#x648;&#x646;</subfield>
    <subfield code="i">32889</subfield>
    <subfield code="l">0</subfield>
    <subfield code="o">&#x623;/4730&#x646;7</subfield>
    <subfield code="p">32889</subfield>
    <subfield code="r">2026-05-07 07:56:24</subfield>
    <subfield code="w">2026-05-07</subfield>
    <subfield code="y">&#x643;&#x62A;&#x627;&#x628;</subfield>
  </datafield>
  <datafield tag="952" ind1=" " ind2=" ">
    <subfield code="0">0</subfield>
    <subfield code="1">0</subfield>
    <subfield code="2">ddc</subfield>
    <subfield code="4">0</subfield>
    <subfield code="7">0</subfield>
    <subfield code="a">fsecg</subfield>
    <subfield code="b">fsecg</subfield>
    <subfield code="d">2026-05-07</subfield>
    <subfield code="h">&#x645;&#x643;&#x62A;&#x628;&#x629; &#x628;&#x646; &#x639;&#x643;&#x646;&#x648;&#x646;</subfield>
    <subfield code="i">32890</subfield>
    <subfield code="l">0</subfield>
    <subfield code="o">&#x623;/4730&#x646;8</subfield>
    <subfield code="p">32890</subfield>
    <subfield code="r">2026-05-07 07:56:24</subfield>
    <subfield code="w">2026-05-07</subfield>
    <subfield code="y">&#x643;&#x62A;&#x627;&#x628;</subfield>
  </datafield>
  <datafield tag="952" ind1=" " ind2=" ">
    <subfield code="0">0</subfield>
    <subfield code="1">0</subfield>
    <subfield code="2">ddc</subfield>
    <subfield code="4">0</subfield>
    <subfield code="7">0</subfield>
    <subfield code="a">fsecg</subfield>
    <subfield code="b">fsecg</subfield>
    <subfield code="d">2026-05-07</subfield>
    <subfield code="h">&#x645;&#x643;&#x62A;&#x628;&#x629; &#x628;&#x646; &#x639;&#x643;&#x646;&#x648;&#x646;</subfield>
    <subfield code="i">32891</subfield>
    <subfield code="l">0</subfield>
    <subfield code="o">&#x623;/4730&#x646;9</subfield>
    <subfield code="p">32891</subfield>
    <subfield code="r">2026-05-07 07:56:24</subfield>
    <subfield code="w">2026-05-07</subfield>
    <subfield code="y">&#x643;&#x62A;&#x627;&#x628;</subfield>
  </datafield>
  <datafield tag="999" ind1=" " ind2=" ">
    <subfield code="c">45161</subfield>
    <subfield code="d">45161</subfield>
  </datafield>
</record>
